UBT Library

Western civilization : (Record no. 1389)

000 -LEADER
fixed length control field 00732nam a22002177a 4500
008 - FIXED-LENGTH DATA ELEMENTS--GENERAL INFORMATION
fixed length control field 151130b xxu||||| |||| 00| 0 eng d
020 ## - INTERNATIONAL STANDARD BOOK NUMBER
International Standard Book Number 9780547147017 (complete ed.)
020 ## - INTERNATIONAL STANDARD BOOK NUMBER
International Standard Book Number 9780547147468 (v. 2: from the 1600s)
020 ## - INTERNATIONAL STANDARD BOOK NUMBER
International Standard Book Number 9780547147420 (v. 1: to 1789)
020 ## - INTERNATIONAL STANDARD BOOK NUMBER
International Standard Book Number 9780547147413 (from the 1400s)
041 0# - LANGUAGE CODE
Language code of text/sound track or separate title eng
080 ## - UNIVERSAL DECIMAL CLASSIFICATION NUMBER
Universal Decimal Classification number 930.85
245 00 - TITLE STATEMENT
Title Western civilization :
Statement of responsibility, etc Marvin Perry ... [et al.] ; George W. Bock, editorial associate.
250 ## -
-- 9th ed.
260 ## -
-- Boston, MA :
-- Houghton Mifflin Harcourt Pub. Co.,
-- c2009.
300 ## -
-- xxxi, 903 f. :
-- me il.;
-- 24 cm.
650 #0 -
-- Historia
650 #0 -
-- Civilizimi
700 ## -
-- Perry, Marvin.
942 ## - ADDED ENTRY ELEMENTS (KOHA)
Source of classification or shelving scheme
Item type Books
Holdings
Withdrawn status Lost status Source of classification or shelving scheme Damaged status Not for loan Collection code Permanent location Current location Shelving location Date acquired Total Checkouts Full call number Date last seen Price effective from Koha item type
          Koleksioni i përgjithshem UBT - Lipjan UBT - Lipjan Koleksioni i përgjithshem 11/30/2015   930.85 PERR 11/30/2015 11/30/2015 Books
UBT Library © 2015-2024. All rights reserved University Education for Business and Technology